| 000 | 00914pam a2200289 a 4500 | ||
|---|---|---|---|
| 001 | 015396918 | ||
| 003 | OSt | ||
| 005 | 20150408113952.0 | ||
| 008 | 111203s2010 enka | b 001 0 eng d | ||
| 015 | _2bnb | ||
| 020 | _a9780199580347 | ||
| 040 |
_aStDuBDS _beng _cMU |
||
| 042 | _aukblcatcopy | ||
| 082 | 0 | 4 |
_a823.912 N R C _222 |
| 100 | 1 |
_aNiland, Richard, _d1978- _96893 |
|
| 245 | 1 | 0 |
_aConrad and history / _cRichard Niland. |
| 260 |
_aOxford : _bOxford University Press, _cc2010. |
||
| 300 |
_a225 p. : _bill. ; _c22 cm. |
||
| 490 | 0 | _aOxford English monographs | |
| 500 |
_aFormerly CIP. _5Uk |
||
| 504 | _aIncludes bibliographical references and index. | ||
| 600 | 1 | 0 |
_aConrad, Joseph, _d1857-1924 _xCriticism and interpretation. _96894 |
| 650 | 0 |
_aHistory in literature. _96895 |
|
| 942 |
_2ddc _cDVD |
||
| 999 |
_c19134 _d253634 |
||